Catálogo
 En Linea

La ideología revolucionaria de Juan Pablo Duarte / (Registro nro. 27616)

Detalles MARC
000 -CABECERA
campo de control de longitud fija 00866nam a2200229 a 4500
001 - NÚMERO DE CONTROL
campo de control 000028124
005 - FECHA Y HORA DE LA ÚLTIMA TRANSACCIÓN
campo de control 20240316073901.0
008 - DATOS DE LONGITUD FIJA--INFORMACIÓN GENERAL
campo de control de longitud fija 110406s2003 dr r 000 0 spa d
020 ## - NÚMERO INTERNACIONAL ESTÁNDAR DEL LIBRO
Número Internacional Estándar del Libro 9993455334
040 ## - FUENTE DE LA CATALOGACIÓN
Centro catalogador/agencia de origen DO-SdBNP
Lengua de catalogación spa
Centro/agencia transcriptor BNPHU
082 ## - NÚMERO DE LA CLASIFICACIÓN DECIMAL DEWEY
Número de clasificación xxxx
Número de documento/Ítem J61i, 2002
100 1# - ENTRADA PRINCIPAL--NOMBRE DE PERSONA
Nombre de persona Jimenes Grullón, Juan Isidro,
Fechas asociadas al nombre 1903-1983
9 (RLIN) 2482
245 10 - MENCIÓN DE TÍTULO
Título La ideología revolucionaria de Juan Pablo Duarte /
Mención de responsabilidad, etc. Juan Isidro Jimenez Grullón; editor Tomás Castro Burdiez.
250 ## - MENCIÓN DE EDICIÓN
Mención de edición 2a ed.
260 ## - PUBLICACIÓN, DISTRIBUCIÓN, ETC.
Lugar de publicación, distribución, etc. Santo Domingo :
Nombre del editor, distribuidor, etc. Fundación para la Educación y el Arte (EDUCARTE),
Fecha de publicación, distribución, etc. 2003.
300 ## - DESCRIPCIÓN FÍSICA
Extensión 32 p. ;
Dimensiones 21 cm.
490 1# - MENCIÓN DE SERIE
Mención de serie Cuadernos educativos y culturales
490 1# - MENCIÓN DE SERIE
Mención de serie Incependencia nacional
Designación de volumen o secuencia 11
504 ## - NOTA DE BIBLIOGRAFÍA, ETC.
Nota de bibliografía, etc. Bibliografía : p. 31-32
700 ## - PUNTO DE ACCESO ADICIONAL--NOMBRE DE PERSONA
Nombre de persona Castro, Tomás,
Fechas asociadas al nombre 1959-
Término indicativo de función/relación ed.
9 (RLIN) 24641
830 #0 - PUNTO DE ACCESO ADICIONAL DE SERIE-TÍTULO UNIFORME
Título uniforme Cuadernos educativos y culturales
Nombre de parte o sección de la obra Independencia nacional; 11
9 (RLIN) 55130
Existencias
Estado de retiro Estado de pérdida No para préstamo Código de colección Localización permanente Ubicación/localización actual Ubicación en estantería Fecha de adquisición Número de inventario Total de préstamos Signatura topográfica completa Código de barras Fecha visto por última vez Precio válido a partir de Tipo de ítem Koha
    Excluido de préstamo Patrimonio Dominicano Patrimonio Dominicano Patrimonio Dominicano Depósito 06.04.2011 LF1   xxxx J61i, 2002 28124-10 25.06.2020 25.06.2020 Libro y Folleto Colección Patrimonio Dominicano

Con tecnología Koha